000 00649nam a2200253Ia 4500
003 OSt
005 20220924144809.0
006 a|||||r|||| 00| 0
007 ta
008 220923b |||||||| |||| 00| 0 urd d
024 _a321890
037 _cTextual
040 _aARTS
_cARTS
_burd
041 _2urd
_aurd
082 _aQ72:3, 168F9
100 _aHussain Abdullah Sayed Au.
_9218467
245 0 _aHaqeeqat-e-muarrifat
260 _c1929
650 _a SHIITES
_9177185
650 _a THEOLOGY
650 _aISLAM
_9577
942 _hQ72:3, 168F9
_cTEXL
_2CC
999 _c458339
_d458339